Statistics for Flags with Maps

Click here to take the quiz!

General Stats

  • This quiz has been taken 75 times
  • The average score is 11 of 16

Answer Stats

Answer% Correct
Cyprus
96%
Australia
92%
Kosovo
90%
United Nations
90%
Antarctica
86%
Bangladesh
86%
Brazil
79%
Korea
77%
African Union
73%
Taiwan
69%
Cambodia
59%
Falkland Islands
42%
Sulawesi
41%
Sakhalin Oblast
38%
Christmas Island
37%
Navajo Nation
32%

Score Distribution

Percentile by Number Answered

Percent of People with Each Score

Your Score History

You have not taken this quiz